| 000 | 00733cam a2200265 i 4500 | ||
|---|---|---|---|
| 001 | 107850 | ||
| 005 | 20230410105612.0 | ||
| 008 | 120925b2009 enka 001 0 eng | ||
| 020 | _a9781846681240 | ||
| 040 | _aGRAL | ||
| 041 | 0 | _aspa | |
| 050 | 1 | 4 |
_aHD 30.28 _bK88b 2009 |
| 082 | 0 | 0 | _a658.4012 |
| 100 | 1 | _aKourdi, Jeremy | |
| 245 | 1 | 0 |
_aBusiness strategy : _ba guide to taking your business forward / _cJeremy Kourdi |
| 260 |
_aLondon : _bProfile Books, _c2009 |
||
| 300 |
_a250 p. : _bill. ; _c23 cm. |
||
| 440 | 0 | _aThe Economist | |
| 650 | 0 | _aBusiness planning | |
| 650 | 0 | _aStrategic planning | |
| 650 | 4 | _aPlanificación de Negocios. | |
| 650 | 4 | _aPlanificación estratégica. | |
| 942 |
_2lcc _cbk |
||
| 946 | 0 | 0 | _aYSL |
| 999 |
_c40088 _d40088 |
||